000 00406nam a2200169 i 4500
001 bg
100 1 _aBUSCH, Karl Franz
245 0 _aGeohydraulik /
_cKarl Franz Busch, Ludwig Luckner.
250 _a2te durchges. Aufl.
260 _aLeipzig,
_c1973.
700 1 _aLUCKNER, Ludwig
040 _cBPK
041 _apol
080 _a551:532
942 _cKS
008 s pl f |000 0 pol
999 _c16096
_d16096
856 _uhttp://koha.tu.koszalin.pl/cgi-bin/koha/opac-detail.pl?biblionumber=16096
_yKatalog online BPK